000 00430nam a2200169Ia 4500
008 230524s9999 xx 000 0 und d
020 _a0 412 35170 6
082 _a628.4456
_bDAN
100 _aDavid E. Daniel
_944994
245 0 _aGeotechnical practice For Waste Disposal
250 _a1
260 _aLondon
_bchapman & Hall
_c1997
300 _a"x,683p;"
500 _aQuantity Number: 1
650 _aCivil
942 _cBK
999 _c60600
_d60600